000 00646nam a2200241Ia 4500
001 Z_3085
003 OSt
005 20221017220157.0
008 220601s9999 xx 000 0 und d
040 _aCHAP
_eRCAA2
082 _a636.085 W38y
100 0 _aWatson, Stephen John
_9121213
245 _aEl ensilaje / por Stephen John Watson
260 _aMéxico, D. F. : CECSA
300 _a183 p. : ilus.
500 _aTrad. De : Silage
503 _a52396- 402
650 _a1. EnsilajeÌ
_9180113
901 _a636.085 W38y
902 _aA
905 _a0000001963 0000000000 00
942 _c1
_2ddc
999 _c216896
_d216896